000 00861nas a2200253Ia 4500
001 R033/43970
003 IT-RoPAU
008 151124c99999999xx |||||||||||| ||und||
040 _aIT-RoPAU
040 _cIT-RoPAU
041 _aITALIANO
100 _aValsasnini Andrea
_gCodice Aut. SPICS: 22711
210 _aSCHERMO
222 _aSchermo
245 _aSCHERMO, N.2/3-FEBBRAIO 1983
_bSapore Dell'Acqua (Il)-Gli Ultimi Cinque Giorni
250 _a1a ed.
260 _aMONZA
_bPROTOCULTURA
_c1983
501 _bPaulus - SPICS - Società San Paolo EM (non-commercial uses only)
_cCopyright2015
300 _a2 p. [56-57]
362 _aN.2/3-FEBBRAIO 1983
500 _aNote Sulla Mostra Internazionale del Cinema di Venezia 1982. Leone D'Oro al Film il Sapore dell'Acqua di Orlow Seunke.
650 _aCINEMA
_vPUBBLICAZIONE PERIODICA
942 _cCR
999 _c196891
_d196891